书目信息 |
| 题名: |
古兰经故事
|
|
| 作者: | 杨连屿 编写 | |
| 分册: | ||
| 出版信息: | 北京 外国文学出版社 1997.04 |
|
| 页数: | 331页 | |
| 开本: | 32开 | |
| 丛书名: | ||
| 单 册: | ||
| 中图分类: | B961-49 | |
| 科图分类: | ||
| 主题词: | 伊斯兰教 | |
| 电子资源: | ||
| ISBN: | 7-5016-0143-7 | |
| 000 | 00546nam0 2200193 45 | |
| 001 | 0009271946 | |
| 005 | 20001022110802.8 | |
| 010 | @a7-5016-0143-7@d16.00元 | |
| 100 | @a20000927d1997 km y0chiy0120 ea | |
| 101 | 0 | @achi |
| 105 | @a z 000yy | |
| 200 | 1 | @a古兰经故事@AGu Lan Jing Gu Shi@f杨连屿等编写@FYangLian Yu Deng Bian Xie |
| 210 | @a北京@c外国文学出版社@d1997.04 | |
| 215 | @a331页@d32开 | |
| 606 | 0 | @a伊斯兰教 |
| 690 | @aB961-49@v3 | |
| 701 | 0 | @a杨连屿@4编写 |
| 801 | @aCN@bPftUser@c20000927 | |
| 905 | @dB961-49@eY375@b181901-905@f5 | |
| 古兰经故事/杨连屿等编写.-北京:外国文学出版社,1997.04 |
| 331页;32开 |
| ISBN 7-5016-0143-7:16.00元 |
| ● |
| 相关链接 |
|
|
|
正题名:古兰经故事
索取号:B961-49/Y375
 
预约/预借
| 序号 | 登录号 | 条形码 | 馆藏地/架位号 | 状态 | 备注 |
| 1 | 181901 | 201819014 | 自科二线400A/400A自科库 11排3列3层/ [索取号:B961-49/Y375] | 在馆 | |
| 2 | 181902 | 201819023 | 自科二线400A/400A自科库 11排3列4层/ [索取号:B961-49/Y375] | 在馆 | |
| 3 | 181903 | 201819032 | 自科二线400A/400A自科库 10排4列3层/ [索取号:B961-49/Y375] | 在馆 | |
| 4 | 181904 | 201819041 | 自科二线400A/400A自科库 11排3列3层/ [索取号:B961-49/Y375] | 在馆 | |
| 5 | 181905 | 201819050 | 自科二线400A/400A自科库 11排3列4层/ [索取号:B961-49/Y375] | 在馆 |